Sports Quiz

Random Sports or NHL Quiz

NHL Leaders Most Times Top 3 Quiz Stats

 Plays Quiz not verified by Sporcle

Challenge
Share
Tweet
Embed
Score 0/119 Timer 10:00
0 Plays Today
Stat Player % Correct
AssistsWayne Gretzky
99.4%
PointsWayne Gretzky
99.4%
Short Handed GoalsWayne Gretzky
99.4%
ShotsWayne Gretzky
99.4%
GoalsWayne Gretzky
99.4%
Plus/MinusWayne Gretzky
99.2%
GoalsMario Lemieux
98.3%
AssistsMario Lemieux
98.3%
PointsMario Lemieux
98.3%
Power Play GoalsMario Lemieux
98.3%
Short Handed GoalsMario Lemieux
98.3%
Game Winning GoalsJaromir Jagr
94.5%
GoalsBobby Hull
94.5%
PointsBobby Hull
94.5%
Power Play GoalsBrett Hull
94.5%
ShotsBrett Hull
94.5%
ShotsBobby Hull
94.5%
GoalsGordie Howe
94.2%
AssistsGordie Howe
94.2%
PointsGordie Howe
94.2%
PointsJaromir Jagr
94.2%
GoalsJaromir Jagr
94.2%
AssistsJaromir Jagr
94.2%
Game Winning GoalsBrett Hull
94.1%
Game Winning GoalsBobby Hull
94.1%
Goalie WinsMartin Brodeur
92.4%
ShutoutsMartin Brodeur
92.4%
Save PercentagePatrick Roy
91.6%
Goals Against AvrPatrick Roy
91.6%
Plus/MinusBobby Orr
90.3%
PointsBobby Orr
90.1%
AssistsBobby Orr
90.1%
ShotsBobby Orr
90.1%
Game Winning GoalsPhil Esposito
89.9%
GoalsPhil Esposito
89.2%
AssistsPhil Esposito
89.2%
PointsPhil Esposito
89.2%
Power Play GoalsPhil Esposito
89.2%
ShotsPhil Esposito
89.2%
GoalsMaurice Richard
88.1%
Stat Player % Correct
PointsMaurice Richard
88.1%
Game Winning GoalsMike Bossy
87.3%
Short Handed GoalsMark Messier
86.6%
Short Handed GoalsSteve Yzerman
86.3%
GoalsMike Bossy
86%
Power Play GoalsMike Bossy
86%
Save PercentageDominik Hasek
86%
Game Winning GoalsJari Kurri
85.7%
Game Winning GoalsAlex Ovechkin
83.1%
ShotsAlex Ovechkin
82.8%
Plus/MinusBryan Trottier
82.3%
Game Winning GoalsGuy Lafleur
82.3%
Power Play GoalsMarcel Dionne
80.8%
ShotsMarcel Dionne
80.8%
GoalsGuy Lafleur
79.7%
Game Winning GoalsStan Mikita
77.2%
PointsStan Mikita
76.2%
ShotsRay Bourque
76.2%
AssistsStan Mikita
76.2%
AssistsAdam Oates
75.6%
Power Play GoalsTeemu Selanne
75.3%
GoalsTeemu Selanne
75.3%
Goals Against AvrTerry Sawchuk
73.5%
ShutoutsTerry Sawchuk
73.5%
Penalty MinutesTiger Williams
72.4%
Goalie WinsJacques Plante
71.5%
Goals Against AvrJacques Plante
71.5%
ShutoutsJacques Plante
71.5%
PointsJean Beliveau
70.6%
Save PercentageEd Belfour
70.6%
GoalsJean Beliveau
70.6%
AssistsJean Beliveau
70.6%
ShotsPavel Bure
68.3%
Goalie WinsGlenn Hall
58.1%
Goals Against AvrGlenn Hall
58.1%
ShutoutsGlenn Hall
58.1%
AssistsJoe Thornton
58.1%
Game Winning GoalsSergei Fedorov
57.8%
Plus/MinusNicklas Lidstrom
54.9%
ShotsMike Gartner
54.1%
Stat Player % Correct
PointsTed Lindsay
49.1%
Penalty MinutesTed Lindsay
49.1%
Game Winning GoalsGlenn Anderson
47.7%
GoalsHowie Morenz
43.3%
Penalty MinutesDave Schultz
42.2%
Game Winning GoalsJeremy Roenick
38.8%
Goalie WinsTurk Broda
38.4%
Goals Against AvrTurk Broda
38.4%
ShutoutsTurk Broda
38.4%
GoalsFrank Mahovlich
36.9%
Goals Against AvrJohnny Bower
34.9%
Power Play GoalsTim Kerr
34%
ShutoutsGeorge Hainsworth
32.6%
Game Winning GoalsYvan Cournoyer
28.7%
Goalie WinsTiny Thompson
28.2%
GoalsCharlie Conacher
28.2%
GoalsRoy Conacher
28.2%
Power Play GoalsYvan Cournoyer
27.9%
Game Winning GoalsJoe Nieuwendyk
27.8%
PointsCy Denneny
23%
GoalsCy Denneny
23%
Goals Against AvrBill Durnan
20.1%
AssistsAndy Bathgate
18.9%
Goals Against AvrHarry Lumley
16.9%
GoalsNels Stewart
15.7%
GoalsBabe Dye
15.4%
Plus/MinusZdeno Chara
14.3%
AssistsFrank Boucher
14%
Goalie WinsClint Benedict
14%
Goals Against AvrClint Benedict
14%
ShutoutsClint Benedict
14%
Short Handed GoalsButch Goring
12.2%
Short Handed GoalsDerek Sanderson
10.5%
Short Handed GoalsBrian Rolston
7.6%
ShotsGarry Unger
7.3%
Penalty MinutesRed Horner
6.1%
Penalty MinutesLou Fontinato
4.1%
Short Handed GoalsBob Pulford
3.5%
Goals Against AvrGeorges Vezina
2.6%

You're not logged in!

Compare scores with friends on all Sporcle quizzes.
Join for Free
OR
Log In

You Might Also Like...

Show Comments

Extras

Created Jun 2, 2012SourceReportNominate
Tags:NHL Quiz, player, stat, Top 3

Top Quizzes Today


Score Distribution

Your Account Isn't Verified!

In order to create a playlist on Sporcle, you need to verify the email address you used during registration. Go to your Sporcle Settings to finish the process.

Report this User

Report this user for behavior that violates our Community Guidelines.

Details: